The contamination of internal tissues of small mammals at the Banská Štiavnica mining area

Podrobná bibliografia
Hlavní autori: Andráš, Peter (Author), Križáni, Ivan (Author), Šlesárová, Andrea (Author)
Médium: Článok
Jazyk:English
Témy:
Zdroj: 1. Ekológia (Bratislava) 1. Roč. 27, č. 1 (2008), s. 1-10 1. 1335-342X
LEADER 01257nab#a2200421#ar4500
001 000090402
003 SVKKK
005 20080711101612.0
008 080509c2008 xo |||||||||||||||b|eng
FMT
015 |a SNBRB2008/07 
038 |a SVKKK 
040 |a SVKKK  |b slo  |e AACR2 
041 0 |a eng  |b eng 
044 |a xo  |c SK 
080 |a 622.85(437.6)  |2 1997 
080 |a 630*15  |2 1997 
080 |a 504.54  |2 1997 
100 1 |a Andráš, Peter  |4 aut 
242 1 0 |a Kontaminácia vnútorných tkanív drobných cicavcov v banskej oblasti Banská Štiavnica 
245 1 4 |a The contamination of internal tissues of small mammals at the Banská Štiavnica mining area  |c Peter Andráš, Ivan Križáni, Andrea Šlesárová 
300 |b Obr., tab. 
504 |a Bibliogr. odkazy 
546 |a Res. angl. 
650 0 4 |a staré banské záťaže  |x ťažké kovy 
650 0 4 |a drobné cicavce  |x kontaminácia tkanív 
651 4 |a Banská Štiavnica (Slovensko) 
700 1 |a Križáni, Ivan  |4 aut 
700 1 |a Šlesárová, Andrea  |4 aut 
773 0 |t Ekológia (Bratislava)  |g Roč. 27, č. 1 (2008), s. 1-10  |x 1335-342X 
958 |a NB 
958 |a SK 
974 |a Ni 
992 |a RBX 
BAS
852 |a SVKKK  |b BIB 
EXP
998 |a GEO